Taylor Swift 'Reputation Stadium Tour' Countries - Statistics

General Stats
  • This quiz has been taken 98 times
  • The average score is 5 of 7
Answer Stats
Country % Correct
United States
96%
United Kingdom
90%
Japan
81%
Canada
80%
Australia
79%
Ireland
46%
New Zealand
38%
No matching quizzes found
Score Distribution
Percent of People with Each Score
Percentile by Number Answered
Your Score History
You have not taken this quiz